Amanecer /

Guardado en:
Autor Principal: Meyer, Stephenie
Formato: Libro
Publicado: Buenos Aires : Alfaguara, 2008
Materias:
Etiquetas: Agregar Etiqueta
Sin Etiquetas, Sea el primero en etiquetar este registro!
LEADER 00722nam a22002415a 4500
001 CEM.cems013184
008 130507s2008##################000#0#####d
005 20210810132741.0
003 CEMS
245 1 0 |a Amanecer /  |c Stephenie Meyer 
260 |a Buenos Aires :  |b Alfaguara,  |c 2008 
300 |a 830 p. 
020 |a 9789870410904 
100 1 |a Meyer, Stephenie 
082 0 4 |a 813.5 
653 |a Literatura 
653 |a Literatura norteamericana 
653 |a Literatura eeuu 
653 |a Novelas 
653 |a Novela norteamericana-siglo 20 
653 |a Novela juvenil norteamericana 
859 |a CEMS  |b BIB. CEMS - 11 de abril  |h 813.5  |i M575-3  |p 25645.09  |t Ej.1 
859 |a CEMS  |b BIB. CEMS - 11 de abril  |h 813.5  |i M575-3  |p 29098.21  |t 2